Albania First Level Subdivisions - Statistics

General Stats
  • This quiz has been taken 851 times
  • The average score is 7 of 12
Answer Stats
Qarqe % Correct
Tiranë
93%
Durrës
73%
Berat
66%
Vlorë
63%
Elbasan
61%
Shkodër
59%
Fier
58%
Gjirokastër
58%
Korçë
54%
Kukës
53%
Dibër
51%
Lezhë
51%
No matching quizzes found
Score Distribution
Percent of People with Each Score
Percentile by Number Answered
Your Score History
You have not taken this quiz